000 00365 a2200169 4500
001 68903
020 _a853225697X
040 _cAnchieta - Itaigara
100 _aPorto, Cristina
240 1 0 _aJericó e Jeremias
_lpor
245 1 0 _aJericó e Jeremias
300 _a24
362 0 _a2006
440 1 _aFTD
650 4 _aLiteratura infanto-juvenil
942 _cBK
999 _c68903
_d68903